Movies by Haiku - Statistics

General Stats
  • This quiz has been taken 201 times
  • The average score is 8 of 12
Answer Stats
Haiku Movie % Correct
All work and no play, at the overlook hotel, makes Jack go crazy (1980) The Shining
85%
A father and son, use archaeology skills, seek the Holy Grail (1989) Indiana Jones and The Last Crusade
84%
Phil Connors wakes up, Phil Connors wakes up again, Phil Connors wakes up (1993) Groundhog Day
83%
Poor old John McClane, stuck at a Christmas party, with some terrorists (1988) Die Hard
82%
Wilson and Stiller, as two stupid male models, are so hot right now (2001) Zoolander
77%
A room of jurors, Henry Fonda disagrees, reasonable doubt (1957) 12 Angry Men
61%
Colour coded thieves, mess up a jewellery heist, Tarantino film (1992) Reservoir Dogs
61%
Classical musical, about early sound movies, starring Gene Kelly (1952) Singin' in the Rain
54%
A replacement rug, to tie the room together, is all the dude wants (1998) The Big Lebowski
51%
David Cronenberg, remade this gruesome story, Jeff Goldblum is changed (1986) The Fly
50%
A tiny doorway, leads inside an actor's head, Cusack exploits it (1999) Being John Malkovich
49%
Richard Linklater, filmed a young man growing up, over twelve long years (2014) Boyhood
45%
No matching quizzes found
Score Distribution
Percent of People with Each Score
Percentile by Number Answered
Your Score History
You have not taken this quiz